000 01351nmm a2200445 a 4500
003 AR-BaBNM
005 20251128211837.0
008 316120s2004 ||||||||||||||000 | spa||
020 _a950-808-408-1
040 _cAR-BaBNM
245 1 0 _aLa fábrica del conocimiento
_blos saberes socialmente productivos en América Latina
260 _aRosario
_bHomo Sapiens Ediciones
_c2004
300 0 _a235 p.
504 _aContiene referencias bibliográficas
610 2 4 _aSociedad Industrial Americana Maquinarias Di Tella
610 2 4 _aUnión Obrera Metalúrgica [Argentina]
610 2 4 _aCIAM
610 2 4 _aUnión Industrial Argentina
650 4 _aHISTORIA DE LA EDUCACION
650 4 _aEDUCACION PARA EL TRABAJO
650 4 _aEDUCACION Y EMPLEO
650 4 _aENSENANZA INDUSTRIAL
650 4 _aPOLITICA EDUCATIVA
650 4 _aFORMACION PROFESIONAL
650 4 _aENSENANZA TECNICA
650 4 _aCOOPERATIVAS
650 4 _aPARTICIPACION DE LOS TRABAJADORES
650 4 _aSINDICATOS
651 4 _aArgentina
653 0 _aFABRICAS RECUPERADAS
700 1 _aVisacovsky, N.
700 1 _aZysman, Ariel
700 1 _aMercado, M.B.
700 1 _aAyuso, M.L.
700 1 _aArata, Nicolás
700 1 _aPuiggrós, Adriana
_edirector
700 1 _aGagliano, Rafael S.
_edirector
942 _cBK
998 _cme-solo cat
999 _c21355
_d21355